00418nam a2200181Ia 4500003000900000008004100009040001300050040001300063041000900076100002500085100000900110245006700119250001100186260001400197260000900211300001000220490000600230IT-RoPAU120407s9999 xx 000 0 und d aIT-RoPAU cIT-RoPAU alat  aAdalbertus Metzinger cosb. aIntroductio in sacros utriusque Testamenti libros. Compendium. aNapoli aD’Auria c1946 c23 cm v1